| 000 | 01307nam a2200241Ia 4500 | ||
|---|---|---|---|
| 003 | Ost | ||
| 005 | 20260416102400.0 | ||
| 008 | 260416s9999||||xx |||||||||||||| ||und|| | ||
| 040 | _cfsecg | ||
| 041 | _aara | ||
| 082 | _a1.64 | ||
| 100 |
_aبعوني، ليلي _eمؤلف |
||
| 245 | 0 |
_a الإعلام الآلي 1 : _bالسنة الاولى جذع مشترك ليسانس / _c ليلي بعوني |
|
| 260 |
_aالجزائر _bجامعة الجزائر3: كلية العلوم الإقتصادية، العلوم التجارية وعلوم التسيير _c2022 |
||
| 300 |
_a134 ورقة _bايضاحات |
||
| 504 | _aالمراجع ص.133 | ||
| 520 | _aمفاهيم أساسية حول الحاسوب ، القسم المادي للحاسوب (العتاد) ، القسم البرمجي (البرمجيات) ،أنظمة التشغيل ، برامج التطبيقات المساعدة ، الشبكات و الانترنت و تطبيقاتها، أنظمة العد. | ||
| 653 | _aاختزان واسترجاع المعلومات | ||
| 653 | _aالبرمجة الآلية | ||
| 653 | _aالحواسيب | ||
| 710 |
_aجامعة الجزائر3: كلية العلوم الإقتصادية، العلوم التجارية وعلوم التسيير _eناشر علمي |
||
| 942 | _cHANDOUT | ||
| 999 |
_c41371 _d41371 |
||